000 00706nam a2200229Ia 4500
003 GCL
008 140319s9999 xx 000 0 ara d
040 _aGCL /
_cGCL
082 0 4 _aد
_b050
_bم ج
245 1 0 _aجريدة الفنون
260 _aالكويت :
_bالمجلس الوطنى للثقافة والفنون والاداب ،
_c2001
650 0 4 _aمصر
650 0 4 _aالسينما
650 0 4 _aنجيب محفوظ
650 0 4 _aالإنترنت
650 0 4 _aالسينما - سوريا
650 0 4 _aالمسرح - ابداع
650 0 4 _aموسيقى الروك
650 0 4 _aالدراما التليفزيونية
650 0 4 _aمدارس التمثيل
942 _2ddc
_cCR
999 _c7842
_d7842